Poder saber la educación: de la teoría educativa a las prácticas docentes
Uloženo v:
| Hlavní autoři: | , , |
|---|---|
| Médium: | Kniha |
| Jazyk: | španělština |
| Vydáno: |
Buenos Aires
Lugar
1992
|
| Témata: | |
| Tagy: |
Přidat tag
Žádné tagy, Buďte první, kdo vytvoří štítek k tomuto záznamu!
|
MARC
| LEADER | 00000nam a2200000 a 4500 | ||
|---|---|---|---|
| 001 | UCK5679 | ||
| 003 | CL-VaPUC | ||
| 008 | 050819e19920000AG |||||||||||||||||spa|d | ||
| 020 | |a 9509129585 | ||
| 082 | 0 | 4 | |a 370.1 |b GUY |2 21 |
| 100 | 0 | |a Guyot, Violeta |e author |9 494586 | |
| 700 | 0 | |a Marincevic, Juan |e author |9 494587 | |
| 700 | 0 | |a Luppi, Alberto |e author |9 494588 | |
| 245 | 1 | 0 | |a Poder saber la educación: de la teoría educativa a las prácticas docentes |
| 300 | |a 79 p | ||
| 942 | |c BK | ||
| 945 | |d 20050819 00:00:00 |a cmena | ||
| 260 | |a Buenos Aires |b Lugar |c 1992 | ||
| 650 | 0 | |a Filosofía de la educación |9 258384 | |
| 650 | 0 | |a Rol del docente |9 329733 | |
| 650 | 0 | |a Ciencias de la educación |9 369010 | |
| 583 | |a last modification |c 20050819 00:00:00 |k Rodrigo Vera | ||
| 999 | |c 314175 |d 314173 | ||
| 952 | |0 0 |1 0 |4 0 |6 370_100000000000000_GUY_1992 |7 0 |8 A |9 386169 |a BIBEDU |b BIBEDU |d 2019-11-22 |i 4155998 |o 370.1 GUY 1992 |p 4155998 |r 2019-11-22 |w 2019-11-22 |y BK |k FIL | ||